000 00613nam a22001697a 4500
082 _a891.43971
_bKHA
100 _aShaista Hameed Khan
245 _aUrdu Mazameen Barai CSS PMS PCS
_cKhan, Shaista Hameed
260 _aLahore:
_bDogar Publishers,
300 _a406 p.
_c24cm.
563 _aHB.
650 _aسیاست، معاشرہ، ثقافت، تاریخ وغیرہ
_9129776
880 _6100-01\(3\r
_aڈاکٹر شائستہ حمید خان
880 _6245-02\(03\r
_aCSS/PMS/PCS اردو مضامین
880 _6260-03\(03\r
_aلاہور:
_bڈوگر پبلیکیشنز
942 _2ddc
_cBK
999 _c614316
_d614316